Normal view
MARC view
Entry Corporate Name
001 - CONTROL NUMBER
- control field: 13395
003 - CONTROL NUMBER IDENTIFIER
- control field: OSt
005 - DATE AND TIME OF LATEST TRANSACTION
- control field: 20200129130950.0
008 - FIXED-LENGTH DATA ELEMENTS
- fixed length control field: 200129|| aca||aabn | a|a d
040 ## - CATALOGING SOURCE
- Original cataloging agency: OSt
- Transcribing agency: OSt
110 ## - HEADING--CORPORATE NAME
- Corporate name or jurisdiction name as entry element: Makerere University.
- General subdivision: Administration.
670 ## - SOURCE DATA FOUND
- Source citation: Work cat.: (OSt)0: Musisi, Nakanyike B. 13393, Makerere University in transition 1993-2000 :, 2003.
